Die 10 größten Länder Nordamerikas nach Fläche - Statistiken

Allgemein
  • Dieses Quiz wurde 230 mal gespielt
  • Das Durchschnittsergebnis liegt bei 9 aus 10
Antwortstatistiken
Platz Fläche Land % Korrekt
1. 9.984.670 km² Kanada
100%
3. 1.972.550 km² Mexiko
100%
2. 9.826.675 km² Vereinigte Staaten von Amerika
100%
5. 112.090 km² Honduras
93%
6. 109.884 km² Kuba
93%
8. 75.517 km² Panama
92%
9. 51.100 km² Costa-Rica
91%
7. 109.021 km² Guatemala
88%
4. 129.494 km² Nicaragua
87%
10. 48.730 km² Dominikanische Republik
83%
Keine übereinstimmenden Quizze gefunden
Verteilung der Resultate
Anzahl Personen mit jedem Resultat
Perzentil nach korrekt beantworteten Fragen
Ihre Resultats-Entwicklung
Sie haben dieses Quiz noch nicht gespielt